UBT Library

Gjuha e gazetave / (Record no. 1084)

000 -LEADER
fixed length control field 00555nam a22002177a 4500
008 - FIXED-LENGTH DATA ELEMENTS--GENERAL INFORMATION
fixed length control field 150701b xxu||||| |||| 00| 0 alb d
020 ## - INTERNATIONAL STANDARD BOOK NUMBER
International Standard Book Number 9789951417273
041 0# - LANGUAGE CODE
Language code of text/sound track or separate title alb
080 ## - UNIVERSAL DECIMAL CLASSIFICATION NUMBER
Universal Decimal Classification number 070
100 ## - Rafti
Rafti Rugova, Bardh;
245 ## - TITLE STATEMENT
Title Gjuha e gazetave /
Statement of responsibility, etc Bardh Rugova.
250 ## -
-- 1st Edition
260 ## -
-- Prishtinë :
-- Koha,
-- 2009.
300 ## -
-- 252 f.:
-- 21 cm.
500 ## -
-- Parathënie: f.xiii-xv
505 ## -
-- Indeksi: f.250-252
505 ## -
-- Indeksi i emrave : f. 252
650 #0 -
-- Gazetaria
650 #0 -
-- Komunikimi
942 ## - ADDED ENTRY ELEMENTS (KOHA)
Source of classification or shelving scheme
Item type Books
Holdings
Withdrawn status Lost status Source of classification or shelving scheme Damaged status Not for loan Collection code Permanent location Current location Shelving location Date acquired Total Checkouts Full call number Date last seen Price effective from Koha item type Materials specified (bound volume or other part) Source of acquisition Coded location qualifier Barcode Copy number
      Damaged     UBT - Lipjan UBT - Lipjan Book Cart 12/29/2025     12/29/2025 12/29/2025 Books 2025-04-14 2025-04-14 2025-04-14 002-800070999330 2025-04-14
          Koleksioni i përgjithshem UBT - Prishtine UBT - Prishtine Koleksioni i përgjithshem 07/01/2015   070 RUG 07/01/2015 07/01/2015 Books          
UBT Library © 2015-2024. All rights reserved University Education for Business and Technology